NBA Teams with the Oldest Arenas - Statistics

General Stats
  • This quiz has been taken 27 times
  • The average score is 8 of 12
Answer Stats
Arena Name Year Opened Team % Correct
Madison Square Gardens 1968 New York Knicks
100%
TD Garden 1995 Boston Celtics
81%
Oracle Arena 1966 Golden State Warriors
81%
The Palace of Auburn Hills 1988 Detroit Pistons
73%
Quicken Loans Arena 1994 Cleveland Cavaliers
69%
Target Center 1990 Minnesota Timberwolves
69%
United Center 1994 Chicago Bulls
62%
Wells Fargo Center 1996 Philadelphia 76ers
58%
Bradley Center 1988 Milwaukee Bucks
54%
Talking Stick Resort Arena 1992 Phoenix Suns
50%
Vivint Smart Home Arena 1991 Utah Jazz
46%
Moda Center 1995 Portland Trailblazers
42%
No matching quizzes found
Score Distribution
Percent of People with Each Score
Percentile by Number Answered
Your Score History
You have not taken this quiz